| 000 | 00525nam a22001697a 4500 | ||
|---|---|---|---|
| 999 |
_c8950 _d8950 |
||
| 008 | 210306b ||||| |||| 00| 0 eng d | ||
| 040 | _aBMS College of Architecture | ||
| 100 | _aSrikrishna, Priyanka | ||
| 245 | _aCentre for marine conservation Malvan | ||
| 300 | _a43p. | ||
| 500 | _a1BM08AT036 | ||
| 502 |
_8B.Arch _NBMS College of Architecture, Visvesvaraya Technological University (VTU) _aProject report _d2013 |
||
| 650 | _aNA | ||
| 700 |
_aVaseem A S _eGuide |
||
| 700 |
_aSathish S Rao _eGuide |
||
| 942 |
_2ddc _cTHE |
||